000 00324nam a2200121 a 4500
005 20140414131920.0
008 101022s19uu xx 00 eng d
050 _aER
_bOw4 1997
100 _aLear, Edward
245 _aThe owl and the pussy cat.
260 _aLeicestershire, UK :
_bFive mile press,
_c1997.
999 _c111703
_d111703